| 000 | 00599nam a2200217 a 4500 | ||
|---|---|---|---|
| 001 | 13295 | ||
| 003 | BD-JhCC | ||
| 005 | 20230810082128.0 | ||
| 008 | 230810b20142017nyu |||| ||a| 001 0 eng d | ||
| 020 | _a9781408892527 | ||
| 035 | _a(BD-JhCC)13295 | ||
| 040 |
_aBD-JhCC _dBD-JhCC |
||
| 041 | _aenglish | ||
| 082 |
_a953.8 _bZIA 2017 |
||
| 100 | _aSardar, Ziauddin | ||
| 245 |
_aMecca : _bThe sacred City / _c Ziauddin Sardar. |
||
| 260 |
_aNew York: _bBloomsbury; _c2017. |
||
| 300 |
_a408 p. : _c20 cm. |
||
| 650 |
_aSaudi Arabia--Mecca _yMuslim pilgrims and pilgrimages _vIslam |
||
| 942 |
_2ddc _cBK |
||
| 999 |
_c13295 _d13295 |
||